Les manuscrits et les miniatures / (Record no. 159909)

MARC details
000 -LEADER
campo de control de longitud fija 00816nam a22002295i 4500
001 - NÚMERO DE CONTROL
campo de control 159909
003 - IDENTIFICADOR DE NÚMERO DE CONTROL
campo de control ES-MaACL
005 - FECHA Y HORA DE LA ÚLTIMA TRANSACCIÓN
campo de control 20230906211852.0
008 - DATOS DE LONGITUD FIJA--INFORMACIÓN GENERAL
campo de control de longitud fija 040914s1892 fr a |||| | fre d
040 ## - FUENTE DE CATALOGACIÓN
Centro catalogador/agencia de origen CAM
Lengua de catalogación spa
Centro/agencia transcriptor CAM
100 1# - ENTRADA PRINCIPAL--NOMBRE DE PERSONA
Nombre de persona Molinier, Auguste.
9 (RLIN) 130032
245 14 - MENCIÓN DEL TÍTULO
Título Les manuscrits et les miniatures /
Mención de responsabilidad, etc. par Auguste Molinier.
260 ## - PUBLICACIÓN, DISTRIBUCIÓN, ETC.
Lugar de publicación, distribución, etc. Paris :
Nombre del editor, distribuidor, etc. Librairie Hachette et c\pie\s,
Fecha de publicación, distribución, etc. 1892 (
Fabricante Imprimerie Lahure)
300 ## - DESCRIPCIÓN FÍSICA
Extensión 333, 16 p. :
Otras características físicas il. ;
Dimensiones 18 cm.
490 1# - MENCIÓN DE SERIE
Mención de serie Bibliothèque des merveilles
505 8# - NOTA DE CONTENIDO CON FORMATO
Nota de contenido con formato Las 16 p. corresponden al catálogo de la Librairie Hachette & cie
650 #4 - PUNTO DE ACCESO ADICIONAL DE MATERIA--TÉRMINO DE MATERIA
Término de materia o nombre geográfico como elemento de entrada Manuscritos.
9 (RLIN) 136456
650 #4 - PUNTO DE ACCESO ADICIONAL DE MATERIA--TÉRMINO DE MATERIA
Término de materia o nombre geográfico como elemento de entrada Miniatura.
9 (RLIN) 136509
830 0# - PUNTO DE ACCESO ADICIONAL DE SERIE-TÍTULO UNIFORME
Título uniforme Bibliothèque des merveilles
9 (RLIN) 182004
852 ## - LOCALIZACIÓN
Ubicación ES-MaACL
Número de control de estantería D-974
Nota libre -- Enc. hol. conservando la cub. original
Holdings
Estatus retirado Estado de pérdida Estado de daño No para préstamo Colección Biblioteca de origen Biblioteca actual Ubicación en estantería Fecha de adquisición Fuente de adquisición Total de préstamos Signatura topográfica completa Código de barras Visto por última vez Precio de reemplazo Tipo de ítem Koha
        Libros del s. XIX Biblioteca del Ateneo de Madrid Biblioteca del Ateneo de Madrid Sala Valle Inclán 17/01/2008     D-974 901167403 23/02/2023 23/02/2023 Libro impreso antiguo